|
|
|
|
| LEADER |
00945cam a2200253 7i4500 |
| 001 |
0000017107 |
| 005 |
20170504090000.0 |
| 008 |
070814 eng |
| 020 |
|
|
|a 0073131369 (pbk.)
|
| 020 |
|
|
|a 9780073131368 (pbk.)
|
| 090 |
0 |
0 |
|a LA217.2
|b .N47 2007
|
| 100 |
1 |
|
|a Nelson, Jack L
|
| 245 |
1 |
0 |
|a Critical issues in education :
|b dialogues and dialectics
|c Jack L. Nelson, Stuart B. Palonsky, Mary Rose McCarthy.
|
| 250 |
|
|
|a 6th ed.
|
| 260 |
|
|
|a Boston:
|b McGraw-Hill,
|c 2007.
|
| 300 |
|
|
|a xvii, 487 p.;
|c 24 cm.
|
| 504 |
|
|
|a Includes bibliographical references and index
|
| 650 |
0 |
0 |
|a Educational evaluation --
|z United States
|
| 650 |
0 |
0 |
|a Teaching --
|z United States
|
| 650 |
0 |
0 |
|a Education --
|z United States
|
| 700 |
1 |
|
|a Palonsky, Stuart B
|
| 700 |
1 |
|
|a McCarthy, Mary Rose
|
| 997 |
|
|
|a Education & Social Sciences, Faculty
|b Education, Department
|
| 999 |
|
|
|a 0000027722
|b BOK
|c OPEN SHELF
|e 1st Floor, Bestari Jaya
|